LEADER 01187nam a2200253 4500 001 000000357927 003 CaOOAMICUS 005 20240409135429.0 008 240409s2024 it 100 u ita r 020 $a978-88-308-1917-7 040 $aSeMil$bita 245 00$aPer una lettura dei segni dei tempi :$bun percorso multidisciplinare /$ca cura di Vincenzo Di Pilato. 264 1$aAssisi :$bCittadella,$c2024. 300 $a226 p. ;$c21 cm 500 $aContributi del seminario presso l'Istituto Regina Apuliae della Facoltà teologica pugliese, Molfetta 650 4$aCattolicesimo - Sec. 21.$0(OLS)http://semarc/subject/37922 700 1 $aDi Pilato, Vincenzo,$d<1970- >.$0(OLS)http://semarc/name/41256 850 $aSeMil 852 $aSeMil$W1$xVenegono$y1$m2B VII 105$j247492$B249068$CSeMilBibl$Z2$F249068 $81 961 $aIn omaggio per recensione su La scuola cattolica 996 $6020$a978-88-308-1917-7$9(OLS)http://semarc/number/300184 996 $6245$aPer una lettura dei segni dei tempi :$bun percorso multidisciplinare$9(OLS)http://semarc/title/448219 996 $6264$aAssisi :$bCittadella$9(OLS)http://semarc/publisher/29661 LEADER 00892nam a2200229 i 4500 001 000000238713 003 CaOOAMICUS 005 20150211000000.0 008 150211s1935 it u000 u ita u 013 $a217618 040 $aSeMil$bita 100 1 $aAgrati, Carlo.$0(OLS)http://semarc/name/53924 245 10$aNel paese di Lénin /$cCarlo Agrati. 250 $a2. ed. 260 $aMilano :$bPro Familia,$c1935. 300 $a214 p., [6] p. di tav. ;$c20 cm. 650 4$aUnione Sovietica - Condizioni economiche e sociali.$0(OLS)http://semarc/subject/38431 650 4$aUnione sovietica - Viaggi.$0(OLS)http://semarc/subject/42202 850 $aSeMil 852 $aSeMil$W1$xVenegono$y1$m3N II 73/A$j241875$B189059$CSeMilBibl$Z2$F199827 $81 996 $6245$aNel paese di Lénin$9(OLS)http://semarc/title/340116 996 $6260$aMilano :$bPro Familia$9(OLS)http://semarc/publisher/30182